Расчётный выход Tb-161 на циклотроне при наработке с использованием ядерной реакции Gd-160(d, n)Tb-161; Перспективы развития фундаментальных наук; Т. 1 : Физика

書目詳細資料
Parent link:Перспективы развития фундаментальных наук=Prospects of Fundamental Sciences Development: сборник научных трудов XXI Международной конференции студентов, аспирантов и молодых ученых, г. Томск, 23-26 апреля 2024 г./ Национальный исследовательский Томский политехнический университет ; под ред. И. А. Курзиной [и др.].— .— Томск: Изд-во ТПУ
Т. 1 : Физика.— 2024.— С. 121-123
主要作者: Глумац П. Предраг
企業作者: Национальный исследовательский Томский политехнический университет (570)
其他作者: Черепенников Ю. М. Юрий Михайлович (научный руководитель)
總結:Заглавие с экрана
Isotopes of terbium, including Tb-161, are promising family of nuclear isotopes to be used in nuclear imaging and therapy. However, production of Tb-161 is performed by neutron irradiation of gadolinium targets in nuclear reactor, which is inconvenient method for clinical settings. In the present work yields of cyclotron-based production route for Tb-161 isotope, relying on the nuclear reaction Gd-161(d, n)Tb-161, are calculated. Yield of Tb-161 and possible radioactive impurities is calculated for range of initial deuteron energies up to 30 MeV, as well as suitable target thickness for each of the energies. Initial particle energy of 20 MeV can be considered as preferable in such production route, ensuring production of 27 MBq after eight half-live periods of irradiation by a 150 μΑ beam, purer product and is yet achievable for existing cyclotrons. It is concluded that evaluated production route cannot produce carrier-free Tb-161 under considered conditions
Текстовый файл
語言:俄语
出版: 2024
主題:
在線閱讀:http://earchive.tpu.ru/handle/11683/80565
格式: 電子 Book Chapter
KOHA link:https://koha.lib.tpu.ru/cgi-bin/koha/opac-detail.pl?biblionumber=674409

MARC

LEADER 00000naa2a2200000 4500
001 674409
005 20251224135006.0
090 |a 674409 
100 |a 20240908d2024 k||y0rusy50 ca 
101 0 |a rus 
102 |a RU 
135 |a drcn ---uucaa 
200 1 |a Расчётный выход Tb-161 на циклотроне при наработке с использованием ядерной реакции Gd-160(d, n)Tb-161  |d Calculated cyclotron-based Tb-161 production yields via Gd-160(d, n)Tb-161 nuclear reaction  |f П. Глумац, Ю. М. Черепенников  |g науч. рук. Ю. М. Черепенников ; Национальный исследовательский Томский политехнический университет  |z eng 
300 |a Заглавие с экрана 
320 |a Список литературы: 7 назв. 
330 |a Isotopes of terbium, including Tb-161, are promising family of nuclear isotopes to be used in nuclear imaging and therapy. However, production of Tb-161 is performed by neutron irradiation of gadolinium targets in nuclear reactor, which is inconvenient method for clinical settings. In the present work yields of cyclotron-based production route for Tb-161 isotope, relying on the nuclear reaction Gd-161(d, n)Tb-161, are calculated. Yield of Tb-161 and possible radioactive impurities is calculated for range of initial deuteron energies up to 30 MeV, as well as suitable target thickness for each of the energies. Initial particle energy of 20 MeV can be considered as preferable in such production route, ensuring production of 27 MBq after eight half-live periods of irradiation by a 150 μΑ beam, purer product and is yet achievable for existing cyclotrons. It is concluded that evaluated production route cannot produce carrier-free Tb-161 under considered conditions 
336 |a Текстовый файл 
461 1 |0 674010  |t Перспективы развития фундаментальных наук  |l Prospects of Fundamental Sciences Development  |o сборник научных трудов XXI Международной конференции студентов, аспирантов и молодых ученых, г. Томск, 23-26 апреля 2024 г.  |9 674010  |c Томск  |n Изд-во ТПУ  |f Национальный исследовательский Томский политехнический университет ; под ред. И. А. Курзиной [и др.] 
463 1 |0 674235  |t Т. 1 : Физика  |v С. 121-123  |d 2024  |9 674235  |u conference_tpu-2024-C21_V1.pdf  |l Vol. 1 : Physics 
610 1 |a труды учёных ТПУ 
610 1 |a электронный ресурс 
610 1 |a изотопы 
610 1 |a Tb-161 
610 1 |a облучение  
610 1 |a дейтроны 
610 1 |a тераностика 
700 1 |a Глумац  |b П.  |g Предраг  |f 2000-  |c специалист в области ядерных технологий  |c инженер Томского политехнического университета  |y Томск  |7 ca  |8 rus  |9 88984 
701 1 |a Черепенников  |b Ю. М.  |c физик  |c доцент Томского политехнического университета, кандидат наук  |f 1989-  |g Юрий Михайлович  |9 14522 
702 1 |a Черепенников  |b Ю. М.  |c физик  |c доцент Томского политехнического университета, кандидат наук  |f 1989-  |g Юрий Михайлович  |4 727 
712 0 2 |a Национальный исследовательский Томский политехнический университет  |c (2009- )  |9 26305  |4 570 
801 0 |a RU  |b 63413507  |c 20240908  |g RCR 
856 4 |z http://earchive.tpu.ru/handle/11683/80565  |u http://earchive.tpu.ru/handle/11683/80565 
942 |c CF